Online
Catalog

Ejercicio de la función pública y los principios constitucionales de derechos humanos que deben sustentarla. / (Record no. 201)

MARC details
000 -CABECERA
campo de control de longitud fija 01823nam a2200253 a 4500
001 - NÚMERO DE CONTROL
campo de control 000000201
005 - FECHA Y HORA DE LA ÚLTIMA TRANSACCIÓN
campo de control 20240411202003.0
008 - DATOS DE LONGITUD FIJA--INFORMACIÓN GENERAL
campo de control de longitud fija 090720s2003 dr 001 0 spa d
040 ## - FUENTE DE LA CATALOGACIÓN
Centro catalogador/agencia de origen DO-SdBNP
Lengua de catalogación spa
Centro/agencia transcriptor BNHPU
082 ## - NÚMERO DE LA CLASIFICACIÓN DECIMAL DEWEY
Número de clasificación 352
Número de documento/Ítem A485e
100 1# - ENTRADA PRINCIPAL--NOMBRE DE PERSONA
Nombre de persona Amaro Guzmán, Raymundo
9 (RLIN) 656
245 10 - MENCIÓN DE TÍTULO
Título Ejercicio de la función pública y los principios constitucionales de derechos humanos que deben sustentarla. /
Mención de responsabilidad, etc. Raymundo Amaro Guzmán ; presentación Lupo Hernández Rueda ; prólogo José Ricardo Estrella Fernández.
260 ## - PUBLICACIÓN, DISTRIBUCIÓN, ETC.
Lugar de publicación, distribución, etc. Santo Domingo :
Nombre del editor, distribuidor, etc. Punto Mágico,
Fecha de publicación, distribución, etc. 2003.
300 ## - DESCRIPCIÓN FÍSICA
Extensión 151 p. : ;
Dimensiones 21 cm.
500 ## - NOTA GENERAL
Nota general Incluye notas al pie de las páginas
504 ## - NOTA DE BIBLIOGRAFÍA, ETC.
Nota de bibliografía, etc. Bibliográfia p:139- 149
505 2# - NOTA DE CONTENIDO CON FORMATO
Nota de contenido con formato Introducción -- Concepto de los derechos humano -- Declaración universal de los derechos humanos -- Principios de la gestión de recursos humanos -- El régimen constitucional dominicano y la protección de los derechos humanos de la función pública -- Estudio comparado de los principios de derechos humanos de la función pública en el constitucionalismo latinoamericano -- Financiamiento de los partidos políticos en el derecho constitucional -- Precedente del proyecto de reforma constitucional de la UNPHU -- Remodelación de los partidos políticos -- Incorporación de los principios cardinales de la función pública en la declaración universal de derechos humanos -- Antecedentes de la Corte Interamericana de los Derechos Humanos -- Conclusiones y recomendaciones.
651 #4 - PUNTO DE ACCESO ADICIONAL DE MATERIA--NOMBRE GEOGRÁFICO
Nombre geográfico República Dominicana
Subdivisión general Administración Pública
9 (RLIN) 657
650 #0 - PUNTO DE ACCESO ADICIONAL DE MATERIA--TÉRMINO DE MATERIA
Término de materia o nombre geográfico como elemento de entrada Derechos humanos
9 (RLIN) 658
650 #4 - PUNTO DE ACCESO ADICIONAL DE MATERIA--TÉRMINO DE MATERIA
Término de materia o nombre geográfico como elemento de entrada Función pública
9 (RLIN) 659
650 #4 - PUNTO DE ACCESO ADICIONAL DE MATERIA--TÉRMINO DE MATERIA
Término de materia o nombre geográfico como elemento de entrada Partidos políticos
Subdivisión general República dominicana
9 (RLIN) 660
700 1# - PUNTO DE ACCESO ADICIONAL--NOMBRE DE PERSONA
Nombre de persona Estrella Fernández, José Ricardo
Término indicativo de función/relación pról.
9 (RLIN) 661
700 ## - PUNTO DE ACCESO ADICIONAL--NOMBRE DE PERSONA
Nombre de persona Hernández Rueda, Lupo,
Fechas asociadas al nombre 1930-2017
Término indicativo de función/relación pres.
9 (RLIN) 23790
Holdings
Estado de retiro Estado de pérdida Restricciones de uso No para préstamo Código de colección Localización permanente Ubicación/localización actual Ubicación en estantería Fecha de adquisición Número de inventario Total de préstamos Signatura topográfica completa Código de barras Fecha visto por última vez Número de copia Precio válido a partir de Tipo de ítem Koha Fuente de adquisición
      Préstamo en sala Dominicana de Servicio Biblioteca Nacional Pedro Henríquez Ureña Biblioteca Nacional Pedro Henríquez Ureña Depósito 17.02.2011 LF1   352 A485e 201-40 25.06.2020 e.4 25.06.2020 Libros y folletos  
      Préstamo en sala Dominicana de Servicio Biblioteca Nacional Pedro Henríquez Ureña Biblioteca Nacional Pedro Henríquez Ureña Depósito 17.02.2011 LF1   352 A485e 201-50 25.06.2020 e.5 25.06.2020 Libros y folletos  
      Préstamo en sala Dominicana de Servicio Biblioteca Nacional Pedro Henríquez Ureña Biblioteca Nacional Pedro Henríquez Ureña Depósito 22.06.2009 LF1   352 A485e 201-30 25.06.2020 e.3 25.06.2020 Libros y folletos 000639
      Excluido de préstamo Patrimonio Dominicano Biblioteca Nacional Pedro Henríquez Ureña Biblioteca Nacional Pedro Henríquez Ureña Depósito 22.06.2009 LF1   352 A485e 201-10 25.06.2020   25.06.2020 No se presta 000637
      Excluido de préstamo Patrimonio Dominicano Biblioteca Nacional Pedro Henríquez Ureña Biblioteca Nacional Pedro Henríquez Ureña Depósito 22.06.2009 LF1   352 A485e 201-20 25.06.2020 e.2 25.06.2020 No se presta 000638

Powered by Koha